| 000 | 00662nam a2200205 i 4500 | ||
|---|---|---|---|
| 001 | 56527 | ||
| 003 | ES-MaACL | ||
| 005 | 20230906163407.0 | ||
| 007 | t| | ||
| 008 | 031009s1925 xxk |||| | eng d | ||
| 080 | _a39(410.111 L.)"18"(0:82) | ||
| 080 | _a821.111-94"18" | ||
| 100 | 1 |
_aDickens, Charles. _944489 |
|
| 245 | 1 | 0 |
_aSketches by Boz : _billustrative of every-day life and every-day people / _cby Charles Dickens. |
| 250 | _a1st. ed., reprint. | ||
| 260 |
_aLondon : _bChapman and Hall Ltd, _c1925. |
||
| 300 |
_aXIV, 616 p. ; _c17 cm. |
||
| 651 | 4 |
_aLondres- _xUsos y costumbres. _9166719 |
|
| 852 | 4 |
_aES-MaACL _jA-4255 _z- Enc. ed. tela amarilla |
|
| 999 |
_c56527 _d56527 |
||